Normal view
MARC view
Entry Personal Name
001 - CONTROL NUMBER
- control field: 50954
003 - CONTROL NUMBER IDENTIFIER
- control field: ARRUPE
005 - DATE AND TIME OF LATEST TRANSACTION
- control field: 20211104090639.0
008 - FIXED-LENGTH DATA ELEMENTS
- fixed length control field: 211104|| aca||aabn | a|a d
040 ## - CATALOGING SOURCE
- Original cataloging agency: ARRUPE
- Transcribing agency: ARRUPE
100 ## - HEADING--PERSONAL NAME
- Personal name: Manning, Patrick
670 ## - SOURCE DATA FOUND
- Source citation: Work cat.: (ARRUPE): Manning, Patrick, Francophone Sub-Saharan Africa 1880-1995, 1994.